UM Logo

Philippine governance and constitution/ (Record no. 2957)

MARC details
000 -LEADER
fixed length control field 00623nam a22001817a 4500
008 - FIXED-LENGTH DATA ELEMENTS--GENERAL INFORMATION
fixed length control field 160602b xxu||||| |||| 00| 0 eng d
020 ## - INTERNATIONAL STANDARD BOOK NUMBER
International Standard Book Number 9715740626
082 ## - DEWEY DECIMAL CLASSIFICATION NUMBER
Edition number 2002
Classification number DFil 342.599
Item number M92
100 ## - MAIN ENTRY--PERSONAL NAME
9 (RLIN) 9851
Personal name Muñoz, Mauro R.,Jr.
245 ## - TITLE STATEMENT
Title Philippine governance and constitution/
Statement of responsibility, etc. Mauro R. Muñoz, Jr.
260 ## - PUBLICATION, DISTRIBUTION, ETC. (IMPRINT)
Place of publication, distribution, etc. Quezon City:
Name of publisher, distributor, etc. Katha Publishing Co.,Inc.,
Date of publication, distribution, etc. c2002.
300 ## - PHYSICAL DESCRIPTION
Extent x, 205 pages:
Dimensions 26.5 cm.
500 ## - GENERAL NOTE
General note Includes bibliography and references.
650 #0 - SUBJECT ADDED ENTRY--TOPICAL TERM
9 (RLIN) 9853
Topical term or geographic name as entry element Philippines
General subdivision Politics and government
700 ## - ADDED ENTRY--PERSONAL NAME
9 (RLIN) 9856
Personal name Gonzales-Muñoz, Delilah
Relator term Author
365 ## - TRADE PRICE
Price amount 175.00
Currency code Php.
942 ## - ADDED ENTRY ELEMENTS (KOHA)
Source of classification or shelving scheme Dewey Decimal Classification
Koha item type Filipiniana
Holdings
Withdrawn status Lost status Source of classification or shelving scheme Damaged status Not for loan Collection code Home library Current library Shelving location Date acquired Source of acquisition Total Checkouts Full call number Barcode Date last seen Date last checked out Cost, replacement price Price effective from Koha item type
    Dewey Decimal Classification     Filipiniana UM Digos College - LIC UM Digos College - LIC Book Cart 09/26/2005 Purchased 4 DFil 342.599 M92 2002 18267 12/16/2025 12/11/2025 175.00 06/02/2016 Filipiniana